banner

Metodología de la investigación cualitativa / (Registro nro. 922)

000 -LEADER
fixed length control field 01919nam a22002777 4500
003 - CONTROL NUMBER IDENTIFIER
control field AR-BaISA
005 - DATE AND TIME OF LATEST TRANSACTION
control field 20220513160604.0
007 - PHYSICAL DESCRIPTION FIXED FIELD--GENERAL INFORMATION
fixed length control field ta
008 - FIXED-LENGTH DATA ELEMENTS--GENERAL INFORMATION
fixed length control field 220511s1999 sp ado|| |||| 000 0 spa d
040 ## - CATALOGING SOURCE
Language of cataloging spa
Transcribing agency AR-BaISA
082 04 - DEWEY DECIMAL CLASSIFICATION NUMBER
Edition number 22
Classification number 001.42 R618
100 1# - MAIN ENTRY--PERSONAL NAME
9 (RLIN) 2176
Personal name Rodríguez Gómez, Gregorio
245 10 - TITLE STATEMENT
Title Metodología de la investigación cualitativa /
Statement of responsibility, etc. Gregorio Rodríguez Gómez, Javier Gil Flores, y Eduardo García Jiménez
250 ## - EDITION STATEMENT
Edition statement 2ª ed.
260 ## - PUBLICATION, DISTRIBUTION, ETC.
Place of publication, distribution, etc. Málaga:
Name of publisher, distributor, etc. Aljibe,
Date of publication, distribution, etc. 1999
300 ## - PHYSICAL DESCRIPTION
Extent 378 p.:
Other physical details il., fotos, gráfs., tablas
490 1# - SERIES STATEMENT
Serie Biblioteca de educación
504 ## - BIBLIOGRAPHY, ETC. NOTE
Bibliography, etc. note Bibliografía p.: 363-378.
505 ## - FORMATTED CONTENTS NOTE
Title INTRODUCCIÓN A LA INVESTIGACIÓN CUALITATIVA:
-- Tradición y enfoques en la investigación cualitativa --
-- Métodos de investigación cualitativa --
-- Proceso y fases de la investigación cualitativa --
-- LA PRÁCTICA DE LA INVESTIGACIÓN CUALITATIVA:
-- Primeros pasos en la investigación cualitativa --
-- Definición del problema y acceso al campo --
-- Definición de roles --
-- Selección de informantes y recogida de datos --
-- Observación --
-- Entrevista --
-- Cuestionario --
-- Aspectos básicos sobre el análisis de datos cualitativos --
-- En análisis en la secuencia de investigación --
-- El papel de la informática en el análisis de datos --
-- El informe de investigación --
-- Algunas cuestiones a debate
-- INFORMES DE INVESTIGACIÓN:
-- Evaluación de proyectos de formación centrada en la escuela --
-- La difícil convivencia de intereses en actividades de formación permanente --
-- Orientaciones y actividades prácticas para la enseñanza de la investigación cualitativa
650 14 - SUBJECT ADDED ENTRY--TOPICAL TERM
9 (RLIN) 5
Topical term or geographic name entry element Metodología de la investigación
650 14 - SUBJECT ADDED ENTRY--TOPICAL TERM
9 (RLIN) 1171
Topical term or geographic name entry element Investigación cualitativa
700 1# - ADDED ENTRY--PERSONAL NAME
9 (RLIN) 2178
Personal name Gil Flores, Javier
Relator term aut.
700 1# - ADDED ENTRY--PERSONAL NAME
9 (RLIN) 2179
Personal name García Jiménez, Eduardo
Relator term aut.
830 ## - SERIES ADDED ENTRY--UNIFORM TITLE
9 (RLIN) 2177
Uniform title Biblioteca de educación (Aljibe)
942 ## - ADDED ENTRY ELEMENTS (KOHA)
Source of classification or shelving scheme
Koha item type Libros
Edition 22
Existencias
Withdrawn status Lost status Source of classification or shelving scheme Damaged status Not for loan Permanent Location Current Location Date acquired Inventory number Full call number Barcode Date last seen Price effective from Koha item type
          Biblioteca ISALUD. Dr. Néstor Rodríguez Campoamor Biblioteca ISALUD. Dr. Néstor Rodríguez Campoamor 2022-05-11 2101 001.42 R618 2101 2022-05-11 2022-05-11 Libros